My Little sister ate one hare / (Record no. 104568)
[ view plain ]
| 000 -LEADER | |
|---|---|
| fixed length control field | 00804nam a2200181 a 4500 |
| 005 - DATE AND TIME OF LATEST TRANSACTION | |
| control field | 20140412111325.0 |
| 008 - FIXED-LENGTH DATA ELEMENTS--GENERAL INFORMATION | |
| fixed length control field | 000818s19uu xx 00 eng d |
| 020 ## - INTERNATIONAL STANDARD BOOK NUMBER | |
| International Standard Book Number | 0-517-88576-X |
| 050 ## - LIBRARY OF CONGRESS CALL NUMBER | |
| Classification number | TR(PS E |
| Item number | My99 1996 |
| 100 ## - MAIN ENTRY--PERSONAL NAME | |
| Personal name | Grossman, Bill |
| 245 ## - TITLE STATEMENT | |
| Title | My Little sister ate one hare / |
| Statement of responsibility, etc | by Bill Grossman ; illustrated by Kevin Hawkes. |
| 260 ## - PUBLICATION, DISTRIBUTION, ETC. (IMPRINT) | |
| Place of publication, distribution, etc | New York : |
| Name of publisher, distributor, etc | Dragonfly Books/Crown Publishers, Inc, |
| Date of publication, distribution, etc | 1996. |
| 300 ## - PHYSICAL DESCRIPTION | |
| Extent | 1 v. (unp.) ; ill. |
| 520 ## - SUMMARY, ETC. | |
| Summary, etc | My little sister ate 1 hare. We thought she'd throw up then and there. But she didn't. My little sister ate 2 snakes. She ate 2 snakes, for heaven sakes! she ates 5 bats, 4 shrews, 3 ants. she even ate their underpants! And that's just the beginning. . . |
| 650 ## - SUBJECT ADDED ENTRY--TOPICAL TERM | |
| Topical term or geographic name as entry element | Counting-Fiction |
| 650 ## - SUBJECT ADDED ENTRY--TOPICAL TERM | |
| Topical term or geographic name as entry element | Numbers-Fiction |
| Withdrawn status | Lost status | Damaged status | Home library | Current library | Shelving location | Date acquired | Source of acquisition | Cost, normal purchase price | Total Checkouts | Full call number | Barcode | Date last seen | Price effective from | Koha item type |
|---|---|---|---|---|---|---|---|---|---|---|---|---|---|---|
| Elizalde Library | Elizalde Library | Teachers Reference Section | 08/18/2000 | 269.00 | TR(PS E My99 1996 | E8240 | 04/12/2014 | 04/12/2014 | Books |